|
|
|
|
| LEADER |
01054cam a2200241 a 4500 |
| 001 |
0000067290 |
| 005 |
20080305090000.0 |
| 040 |
|
|
|a mod
|
| 041 |
|
|
|a eng
|
| 020 |
0 |
0 |
|a 1557501866
|
| 090 |
0 |
0 |
|a 940.545943
|b BUS
|e 1999
|
| 100 |
1 |
0 |
|a Busch
|h Rainer
|
| 245 |
1 |
0 |
|a German U-boat commanders of World War II
|b a biographical dictionary
|c Rainer Busch & Hans-Joachim Roll; translated by Geoffrey Brooks
|
| 260 |
0 |
0 |
|a Annapolis, Md.
|b Naval Institute Press
|c 1999
|
| 300 |
0 |
0 |
|a 301 p.
|b ill
|c 26 cm
|
| 500 |
0 |
0 |
|a Includes index
|
| 650 |
0 |
0 |
|a World War, 1939-1945
|x Naval operations
|x Submarine
|x Fiction
|
| 650 |
0 |
0 |
|a Sailors
|z Germany
|y Biography
|y Dictionaries
|
| 651 |
0 |
0 |
|a Germany
|c Kriegsmarine
|c Biography
|c Dictionaries
|
| 700 |
1 |
1 |
|a Joachim-Hans
|h Roll
|
| 999 |
|
|
|a 0216235
|b Markas Pemerintahan Latihan & Doktrin
|d BOOKS
|e Rujukan
|f Markas Pemerintahan Latihan & Doktrin
|j AVAILABLE
|q GOOD CONDITION
|
| 999 |
|
|
|a 0241695
|b SPPTD
|d BOOKS
|e Rujukan
|f SPPTD
|j AVAILABLE
|q GOOD CONDITION
|
| 999 |
|
|
|a 0260562
|b PPM
|d BOOKS
|e Umum
|f PPM(Pusat Pengaman Malaysia) dulu PLPM
|j AVAILABLE
|q GOOD CONDITION
|